| 000 | 00463nam a2200181Ia 4500 | ||
|---|---|---|---|
| 008 | 121004t2010 xxu||||| |||| 00| 0 sin d | ||
| 041 | _asin | ||
| 080 |
_aX8S1 _bDIS |
||
| 100 | _aImasha Lakini Udhara Dissanayaka | ||
| 245 | _aපිපෙන මලක් | ||
| 246 | _aPipena Malak | ||
| 250 | _a2nd | ||
| 260 |
_bNavamaga Printers _aRathmalana _c2010 |
||
| 300 | _b15p., 21 cm | ||
| 942 | _cBK | ||
| 999 |
_c75786 _d75786 |
||
| 003 | LK-CoDNM | ||
| 040 |
_aLK-CoDNM _dLK-CoDNM _eLK-CoDNM |
||